LEADER 01630nam 2200397 450 001 000015041 005 20050718115600.0 100 $a20030716d1969----km-y0itay0103----ba 101 0 $afre 102 $aDE 200 1 $aMéthodes algébriques en mécanique statistique$fJ.-P. Eckmann, M. Guenin 210 $aBerlin [etc.]$cSpringer$d1969 215 $a131 p.$d29 cm. 225 2 $aLecture notes in mathematics$v81 410 0$12001$aLecture notes in mathematics 606 $aMeccanica statistica 676 $a530.132$v(21. ed.)$9Fisica. Meccanica statistica classica (Statistica di Boltzmann) 691 $a82-XX$9Statistical mechanics, structure of matter 691 $a46Jxx$9Functional analysis. Commutative Banach algebras and commutative topological algebras 691 $a46L10$9Functional analysis. Selfadjoint operator algebras (C*-algebras, von Neumann (W*-)algebras, etc.). General theory of von Neumann algebras 700 1$aEckmann,$bJ.-P$0441684 701 1$aGuenin,$bM.$046501 801 0$aIT$bUniversità della Basilicata - B.I.A.$gRICA$2unimarc 912 $a000015041 996 $aMéthodes algébriques en mécanique statistique$91527084 997 $aUNIBAS BAS $aMONSCI BAS $aSCIENZE CAT $aEXT003$b01$c20030716$lBAS01$h1159 CAT $c20050601$lBAS01$h1755 CAT $abatch$b01$c20050718$lBAS01$h1052 CAT $c20050718$lBAS01$h1111 CAT $c20050718$lBAS01$h1141 CAT $c20050718$lBAS01$h1156 FMT Z30 -1$lBAS01$LBAS01$mBOOK$1BASA2$APolo Tecnico-Scientifico$2GEN$BCollezione generale$3MAT$61887$5S1887$820030716$f51$FRiservati LEADER 05388oam 22008654a 450 001 9911072302203321 005 20230803023849.0 010 $a9782760536999 010 $a2760536998 024 7 $a10.1515/9782760536999 035 $a(CKB)2560000000104065 035 $a(EBL)3286520 035 $a(SSID)ssj0000885954 035 $a(PQKBManifestationID)11475233 035 $a(PQKBTitleCode)TC0000885954 035 $a(PQKBWorkID)10814423 035 $a(PQKB)10562085 035 $a(CEL)446034 035 $a(OCoLC)847998169 035 $a(CaBNVSL)slc00232480 035 $a(MiAaPQ)EBC3286520 035 $a(MiAaPQ)EBC4796788 035 $a(OCoLC)879081893 035 $a(MdBmJHUP)muse33819 035 $a(CaOKQ)4244527-queensdb-Voyager 035 $a(DE-B1597)673872 035 $a(DE-B1597)9782760536999 035 $a(FR-PaCSA)88813293 035 $a(FRCYB88813293)88813293 035 $a(MiAaPQ)EBC4950629 035 $a(Au-PeEL)EBL4950629 035 $a(CaONFJC)MIL936712 035 $a(OCoLC)1027152081 035 $a(EXLCZ)992560000000104065 100 $a20130509h20132013 uy 0 101 0 $afre 135 $aurcn||||||||| 181 $ctxt$2rdacontent 182 $cc$2rdamedia 183 $acr$2rdacarrier 200 13$aLe développement de systèmes d'information $eUne méthode intégrée à la transformation des processus, 4e édition /$fSuzanne Rivard 205 $aFourth edition. 210 1$aQuebec, [Quebec Province] :$cPresses de l'Universite du Quebec,$d2013. 210 4$d©2013 215 $a1 online resource (xxvi, 504 pages) 225 0 $aHors collection 311 08$a9782760536982 311 08$a276053698X 320 $aIncludes bibliographical references and index. 327 $tFront Matter -- $tTable des matières -- $tListe des figures -- $tListe des tableaux -- $tAvant-propos -- $tInformation, chaîne de valeur, processus d?affaires, systèmes d?information et technologies de l?information -- $tTransformation des processus d?affaires et développement de systèmes d?information -- $tLivrable 1. Étude préliminaire -- $tLivrable 2. Diagnostic de l?existant -- $tLivrable 3. Modèle du processus d?affaires cible -- $tLivrable 4. Modèle du nouveau système d?information -- $tLivrable 5. Nouveau systéme d?information -- $tLivrable 6. Système en exploitation -- $tIdentification des processus d?affaires -- $tTechnologies de l?information : une arme stratégique -- $tOutils de collecte d?information -- $tModélisation du processus -- $tGestion des bénéfices -- $tDossier d?acquisition du progiciel -- $tConcepts de base de données -- $tNormalisation des données et formes normales -- $tConception de la base de données : la modélisation entité-association -- $tQBE : un langage d?analyse de requête -- $tOutil de modélisation du système d?information : le DFD -- $tConception du nouveau système : l?élaboration du diagramme de classes -- $tApproche orientée objet : les vues dynamiques du système -- $tParamétrage du progiciel -- $tIndex 330 $aUne méthode de développement de systèmes intégrée à la transformation des processus d?affaires: voilà ce que propose cet ouvrage réalisé à l?intention des futurs analystes de système. De l'étude préliminaire à la réalisation technique, en passant par la conception du nouveau processus et celle du nouveau système d'information, il montre comment les diverses activités d?un projet doivent être menées et les principaux outils qui peuvent être utilisés. Favorisant un apprentissage par mises en situation, l?ouvrage comporte de nombreux exemples concrets et des diagrammes adoptant le standard UML (Unified Modeling Language). Des annexes détaillées sont également consacrées aux outils et aux techniques clés, par exemple les outils de collecte d?information, les outils de modélisation et de documentation de processus et de systèmes, les concepts de bases de données, les méthodes de normalisation et le paramétrage de progiciels. Souvent entend-on dire que la seule constante de notre époque est le changement. Cet adage est d?autant plus vrai dans le domaine des technologies de l?information. Aussi, cette quatrième édition tient-elle compte des multiples changements qui ont marqué le développement de systèmes d?information, notamment l?importance grandissante des progiciels et l?intégration du commerce électronique aux activités des entreprises. 606 $aManagement information systems$vProblems, exercises, etc 606 $aInformation technology 606 $aManagement information systems 606 $aSystem design 606 $aInformation technology 608 $aLivres électronique. 615 0$aManagement information systems 615 0$aInformation technology. 615 0$aManagement information systems. 615 0$aSystem design. 615 0$aInformation technology. 676 $a658.4/038011 700 $aRivard$b Suzanne$01088154 712 02$aeBOUND Canada, 712 02$aScholars Portal, 801 0$bMdBmJHUP 801 1$bMdBmJHUP 801 2$bCaOWTL 801 2$bCaBNVSL 801 2$bCaOKQ 906 $aBOOK 912 $a9911072302203321 996 $aLe développement de systèmes d'information$94559280 997 $aUNINA